Аутентичные тексты как инструмент обучения русскому языка в иноязычной аудитории; Казанская наука; № 3
| Parent link: | Казанская наука.— .— Казань: Рашин Сайнс № 3.— 2025.— С. 34-37 |
|---|---|
| Altres autors: | , , , , |
| Sumari: | Заглавие с экрана В статье показано, что аутентичные тексты песен являются эффективным инструментом повышения учебных результатов студентов в области улучшения фонематического слуха и скорости зкупопроизнесения, качества произношения, более качественного запоминания лексем и грамматических словоформ, а также способом погружения в иноязычную культуру. В статье содержатся практические рекомендации по включению аутентичных текстов песен в структуру уроков русского языка как иностранного Текстовый файл |
| Idioma: | rus |
| Publicat: |
2025
|
| Matèries: | |
| Accés en línia: | https://www.kazanscience.ru/files/%D0%9A%D0%9D_3_2025.php |
| Format: | MixedMaterials Electrònic Capítol de llibre |
| KOHA link: | https://koha.lib.tpu.ru/cgi-bin/koha/opac-detail.pl?biblionumber=680015 |
MARC
| LEADER | 00000naa0a2200000 4500 | ||
|---|---|---|---|
| 001 | 680015 | ||
| 005 | 20250904145435.0 | ||
| 090 | |a 680015 | ||
| 100 | |a 20250430d2025 k||y0rusy50 ca | ||
| 101 | 0 | |a rus | |
| 102 | |a RU | ||
| 135 | |a drcn ---uucaa | ||
| 181 | 0 | |a i |b e | |
| 182 | 0 | |a b | |
| 183 | 0 | |a cr |2 RDAcarrier | |
| 200 | 1 | |a Аутентичные тексты как инструмент обучения русскому языка в иноязычной аудитории |f Т. Ф. Волкова, Л. В. Воробьева, Т. Н. Ильинская [и др.] | |
| 300 | |a Заглавие с экрана | ||
| 320 | |a Список литературы: 11 назв | ||
| 330 | |a В статье показано, что аутентичные тексты песен являются эффективным инструментом повышения учебных результатов студентов в области улучшения фонематического слуха и скорости зкупопроизнесения, качества произношения, более качественного запоминания лексем и грамматических словоформ, а также способом погружения в иноязычную культуру. В статье содержатся практические рекомендации по включению аутентичных текстов песен в структуру уроков русского языка как иностранного | ||
| 336 | |a Текстовый файл | ||
| 461 | 1 | |t Казанская наука |c Казань |n Рашин Сайнс | |
| 463 | 1 | |t № 3 |v С. 34-37 |d 2025 | |
| 610 | 1 | |a электронный ресурс | |
| 610 | 1 | |a труды учёных ТПУ | |
| 610 | 1 | |a аутентичные тексты | |
| 610 | 1 | |a эффективность | |
| 610 | 1 | |a лингводидактика | |
| 610 | 1 | |a русский как иностранный | |
| 610 | 1 | |a языковая среда | |
| 701 | 1 | |a Волкова |b Т. Ф. |c лингвист |c доцент Томского политехнического университета, кандидат филологических наук |f 1974- |g Татьяна Фёдоровна |9 10887 | |
| 701 | 1 | |a Воробьёва |b Л. В. |c лингвист |c доцент Томского политехнического университета, кандидат филологических наук |f 1979- |g Людмила Владимировна |9 12566 | |
| 701 | 1 | |a Ильинская |b Т. Н. |g Татьяна Николаевна | |
| 701 | 1 | |a Курикова |b Н. В. |c лингвист |c доцент Томского политехнического университета, кандидат филологических наук |f 1975- |g Наталья Владимировна |9 12939 | |
| 701 | 1 | |a Тюрина |b И. И. |g Ирина Ивановна | |
| 801 | 0 | |a RU |b 63413507 |c 20250430 |g RCR | |
| 850 | |a 63413507 | ||
| 856 | 4 | |u https://www.kazanscience.ru/files/%D0%9A%D0%9D_3_2025.php |z https://www.kazanscience.ru/files/%D0%9A%D0%9D_3_2025.php | |
| 942 | |c CF | ||